| 000 | 01083nam a2200277 i 4500 | ||
|---|---|---|---|
| 003 | EG-ScBUE | ||
| 005 | 20231210105856.0 | ||
| 008 | 100330s2008 le f b 00010 ara d | ||
| 020 | _a9781855167643 | ||
| 040 |
_aEG-ScBUE _bara _erda _cEG-ScBUE _dEG-ScBUE |
||
| 043 | _aa-ir--- | ||
| 082 | 0 | 4 |
_222 _a320.955 _bس ي ف |
| 100 | 1 |
_913314 _aسيف، توفيق، _d1957- _eمؤلف. |
|
| 245 | 1 | 0 |
_aحدود الديموقراطية الدينية : _bدراسة في تجربة إيران منذ 1979 / _cتوفيق السيف. |
| 250 | _aالطبعة الأولى العربية. | ||
| 264 | 1 |
_aبيروت : _bدار الساقي، _c2008. |
|
| 300 |
_a407 صفحة ؛ _c24 سم |
||
| 336 |
_2rdacontent _aنص _btxt |
||
| 337 |
_aبدون وسيط _2rdamedia _bn |
||
| 338 |
_aمجلد _bnc _2rdacarrier |
||
| 504 | _aيشتمل على إرجاعات ببليوجرافية وكشافات. | ||
| 650 | 7 |
_913315 _aالإسلام والديموقراطية. _2BUEsh |
|
| 651 | 7 |
_913313 _aإيران _xسياسة وحكومة _y1979- _2BUEsh |
|
| 655 | _vReading book | ||
| 942 |
_2ddc _cBB |
||
| 999 |
_c13832 _d13832 |
||